000 01271nam a2200301Ia 4500
003 OSt
005 20250808123131.0
008 191128s2007 ck er 000 j spa d
020 _a9789588232522
040 _aCO-JMCR
_cCO-JMCR
041 0 _aspa
082 0 4 _aC
_bLONc
_223
100 1 _aLondon, Jack,
_eautor
_940593
245 1 3 _aLa casa de mapuhi y otros cuentos /
_cJack London ; traducción Roberto Rubiano Vargas
260 _aBogotá :
_bAlcaldía Mayor de Bogotá : Secretaría Distrital de Cultura Recreación y Deporte,
_c2007
300 _a121 páginas ;
_c17 cm.
490 0 _aLibro al viento ;
_v14
505 0 _aUn buen bistec -- Encender un fuego -- La casa de Mapuhi
520 _aLos tres cuentos que presentamos resumen todas sus inquietudes estéticas y humanas: el boxeador muerto de hambre, clásico antihéroe urbano; el descuidado buscador de oro en Alaska que intenta enfrentar la muerte con dignidad.
546 _aspa
650 1 4 _aCuentos estadounidenses
_9767
650 2 4 _aLiteratura estadounidense
_940594
650 2 4 _aAventuras en la literatura
_940595
650 2 4 _aHistorias de aventuras
_940596
700 1 _aRubiano Vargas, Roberto,
_etraductor
_940597
799 _aRubiano Vargas, Roberto, traductor
942 _2ddc
_cBK
999 _c3765
_d3765